000 00551nam a22002057a 4500
999 _c7684
_d7684
001 7684
003 BD-JhCC
005 20181002173931.0
008 180213b1999 bg ||||| |||| 00| 0 ben d
035 _a(BD-JhCC)7684
040 _aBD-JhCC
_dBD-JhCC
041 _aben
082 _a591.9
_bARO 1999
100 _aআওরঙ্গজেব, কে এম
245 _aপ্রাণিভূগোল /
_c কে এম আওরঙ্গজেব
300 _a309 p. :
_c22 cm.
650 _aZoogeography
942 _2ddc
_cBK